000 01500nam a22002537a 4500
005 20221222152830.0
008 221221b ||||| |||| 00| 0 eng d
040 _cAL
041 _aEnglish
082 _223
_a335.408
_bMARS
100 _aKarl Marx
_967629
100 _967298
_dFrederick Engels
245 _aSelected Works Vol 2
260 _aMoscow
_bProgress Publishers
_c1973
300 _a503p.
_bHB
_c22x15 cm.
440 _nVol.2
_967630
520 _aThis edition of the Selected Works by KArl Marx and Frederick Engels is an invaluable reader for students and others since it provides in full the key works of the two most influential writers in the socialist tradition. These include Marx's celebrated analysis of social class and political change, The Eighteenth Brumaire of Louis Bonaparte, Engel's Origin of the Family, a pioneering materialist history of gender relations, and their immortal polemic, the 1848 Manifesto of the Communist Party. These Selected Works form an ideal student reader, distilling the essentials from the bewildering expanse of Marx and Engel's writing. Spanning the diversity of their contributions to philosophy, political economy, history and critical theory, this volume offers the perfect introduction to the classic works of Marxism.
650 _aWages and Currency
_967299
650 _aLabouring Power
_967300
650 _aSupply and Demand
_967631
700 _aMARX(Karl)
_967301
700 _aENGELS (Frederick)
_967302
942 _2ddc
_cDB
999 _c226066
_d226066